2024 Indy 500 Starting Grid - Statistics

General Stats
  • This quiz has been taken 4 times
  • The average score is 6 of 33
Answer Stats
# Driver % Correct
12 Will Power
100%
7 Alexander Rossi
67%
2 Joseph Newgarden
67%
17 Kyle Larson
67%
24 Conor Daly
33%
15 Graham Rahal
33%
51 Katherine Legge
33%
28 Marcus Ericsson
33%
30 Pietro Fittipaldi
33%
23 Ryan Hunter Reay
33%
14 Santino Ferrucci
33%
3 Scott McLaughlin
33%
66 Tom Blomqvist
33%
78 Agustin Canapino
0%
10 Alex Palou
0%
6 Callum Ilott
0%
45 Christian Lundgaard
0%
33 Christian Rasmussen
0%
26 Colton Herta
0%
20 Ed Carpenter
0%
60 Felix Rosenqvist
0%
06 Helio Castroneves
0%
4 Kyffin Simpson
0%
27 Kyle Kirkwood
0%
8 Linus Lundqvust
0%
98 Marco Andretti
0%
11 Marcus Armstrong
0%
5 Pato Oward
0%
21 Rinus VeeKay
0%
77 Roman Grosjean
0%
9 Scott Dixon
0%
41 Sting Ray Robb
0%
75 Takuma Sato
0%
No matching quizzes found
Score Distribution
Percent of People with Each Score
Percentile by Number Answered
Your Score History
You have not taken this quiz